Great Painters in Brescia (Record no. 563)
[ view plain ]
| 000 -CABECERA | |
|---|---|
| campo de control de longitud fija | 01175nam a2200265 a 4500 |
| 001 - NÚMERO DE CONTROL | |
| campo de control | BRCA_647 |
| 005 - FECHA Y HORA DE LA ÚLTIMA TRANSACCIÓN | |
| campo de control | 20190320203108.0 |
| 008 - DATOS DE LONGITUD FIJA--INFORMACIÓN GENERAL | |
| campo de control de longitud fija | 070205s2006 it-a---##b---#000-0ceng-d |
| 020 ## - NÚMERO INTERNACIONAL ESTÁNDAR DEL LIBRO | |
| Número Internacional Estándar del Libro | 8889902108 |
| 040 ## - FUENTE DE LA CATALOGACIÓN | |
| Centro catalogador/agencia de origen | NcRMA |
| Lengua de catalogación | MoSR |
| Centro/agencia transcriptor | MoKNA |
| Centro/agencia modificador | DLC |
| 050 #4 - SIGNATURA TOPOGRÁFICA DE LA BIBLIOTECA DEL CONGRESO | |
| Número de clasificación | ND621.B7 |
| Número de documento/Ítem | .G74 2006 |
| 245 10 - MENCIÓN DE TÍTULO | |
| Título | Great Painters in Brescia |
| Resto del título | from the Renaissance to the 18th Century : from the Pinacoteca Tosio Martinengo |
| Mención de responsabilidad, etc. | exhibition curated by Penelope Hunter-Stiebel ; catalog editors Elena Lucchesi Ragni, Renata Stradiotti. |
| 260 ## - PUBLICACIÓN, DISTRIBUCIÓN, ETC. | |
| Lugar de publicación, distribución, etc. | Conegliano |
| Nombre del editor, distribuidor, etc. | Linea D´Ombra Libri |
| Fecha de publicación, distribución, etc. | c2006 |
| 300 ## - DESCRIPCIÓN FÍSICA | |
| Extensión | 167 p. |
| Otras características físicas | il. (algunas a color) |
| Dimensiones | 26 cm. |
| 500 ## - NOTA GENERAL | |
| Nota general | Catálogo de la exposición realizada en The Portland Art Museum (Portland, Oregón), 29 abril - 17 septiembre, 2006 |
| 504 ## - NOTA DE BIBLIOGRAFÍA, ETC. | |
| Nota de bibliografía, etc. | Bibliografía: p. 159-167 |
| 610 24 - PUNTO DE ACCESO ADICIONAL DE MATERIA--NOMBRE DE ENTIDAD CORPORATIVA | |
| Nombre de entidad corporativa o nombre de jurisdicción como elemento de entrada | Pinacoteca Tosio Martinengo |
| Subdivisión de forma | Exposiciones |
| 9 (RLIN) | 2168 |
| 650 14 - PUNTO DE ACCESO ADICIONAL DE MATERIA--TÉRMINO DE MATERIA | |
| Término de materia o nombre geográfico como elemento de entrada | Pintura italiana |
| Subdivisión de forma | Exposiciones |
| Subdivisión geográfica | Italia |
| 9 (RLIN) | 2169 |
| 650 14 - PUNTO DE ACCESO ADICIONAL DE MATERIA--TÉRMINO DE MATERIA | |
| Término de materia o nombre geográfico como elemento de entrada | Pintura renacentista |
| Subdivisión de forma | Exposiciones |
| Subdivisión geográfica | Italia |
| 9 (RLIN) | 2170 |
| 650 14 - PUNTO DE ACCESO ADICIONAL DE MATERIA--TÉRMINO DE MATERIA | |
| Término de materia o nombre geográfico como elemento de entrada | Pintura |
| Subdivisión de forma | Exposiciones |
| Subdivisión geográfica | Italia |
| 9 (RLIN) | 2171 |
| 700 1# - PUNTO DE ACCESO ADICIONAL--NOMBRE DE PERSONA | |
| Nombre de persona | Hunter-Stiebel, Penelope |
| Fechas asociadas al nombre | 1946- |
| 9 (RLIN) | 2172 |
| 700 1# - PUNTO DE ACCESO ADICIONAL--NOMBRE DE PERSONA | |
| Nombre de persona | Lucchesi Ragni, Elena |
| 9 (RLIN) | 2173 |
| 700 1# - PUNTO DE ACCESO ADICIONAL--NOMBRE DE PERSONA | |
| Nombre de persona | Stradiotti, Renata |
| 9 (RLIN) | 2174 |
| 942 ## - ELEMENTOS DE PUNTO DE ACCESO ADICIONAL (KOHA) | |
| Fuente del sistema de clasificación o colocación | Library of Congress Classification |
| Tipo de ítem Koha | Libros |
| Estado de retiro | Estado de pérdida | Estado dañado | No para préstamo | Localización permanente | Ubicación/localización actual | Fecha de adquisición | Total de préstamos | Signatura topográfica completa | Código de barras | Fecha visto por última vez | Precio válido a partir de | Tipo de ítem Koha |
|---|---|---|---|---|---|---|---|---|---|---|---|---|
| El ejemplar forma parte de la colección y puede ser consultado según las políticas vigentes. | Biblioteca del Museo Franz Mayer (Rogerio Casas-Alatriste) | Biblioteca del Museo Franz Mayer (Rogerio Casas-Alatriste) | 25/06/2008 | ND621.B7 .G74 2006 | 00976 | 22/03/2019 | 22/03/2019 | Libros |